00526cam a22001932 4500001001100000005001700011008004100028020001700069040001500086050002100101100002900122245005200151250001200203260003300215300001600248650003400264700003100298852000300329000000382620151217145740.0070515s xx 000 0 eng d a0471927120 : aKABUcKABU 0aQC760b.G73 19901 aGrant, I. S.@000015401610aElectromagnetism /cI. S. Grant, W. R. Philips. a2nd ed. aNew York :bJ. Wiley,c1990. axvi, 525 p. 0aElectromagnetism.@00001539331 aPhilips, W. R.@00001540171